| 000 | 00711nam a2200229Ia 4500 | ||
|---|---|---|---|
| 003 | GCL | ||
| 008 | 140319s9999 xx 000 0 ara d | ||
| 040 |
_aGCL / _cGCL |
||
| 082 | 0 | 4 |
_a910.202 _bم ج |
| 100 | 1 | _aمحمد صبحى عبدالحكيم | |
| 245 | 1 | 0 |
_aجغرافية السياحة / _cمحمد صبحى عبدالحكيم |
| 700 | 1 | _aحمدى احمد الديب | |
| 250 | _aالاولى | ||
| 260 |
_aالقاهرة : _bمكتبة الانجلوالمصرية ، _c1995 |
||
| 300 |
_a338 ص: _bايض ؛ _c24 سم |
||
| 490 | _a | ||
| 650 | 0 | 4 | _aمصر |
| 650 | 0 | 4 | _aالاقتصاد |
| 650 | 0 | 4 | _aالسياحة |
| 650 | 0 | 4 | _aالجغرافيا الاقتصادية |
| 942 |
_2ddc _cBK |
||
| 999 |
_c37335 _d37335 |
||